00416nam a2200169Ia 4500003000400000005001700004008004100021020001800062040000700080041000800087082002400095100001700119245004700136260003300183300001700216365001300233OSt20240903141908.0210423s2009 xx 000 0 und d a9788174467485 cAL aeng a658.152 223b SINS aRohini Singh aSecurity analysis and portfolio management aNew DelhibExcel Booksc2009 axiii,381bPB b295cINR